| 000 | 03542cam a22006494a 4500 | ||
|---|---|---|---|
| 001 | muse82414 | ||
| 003 | MdBmJHUP | ||
| 005 | 20210127151458.0 | ||
| 006 | m o d | ||
| 007 | cr||||||||nn|n | ||
| 008 | 191230t20191999mdu o 00 0 eng d | ||
| 020 | _a9781421437323 | ||
| 020 | _z1421437309 | ||
| 020 | _z9781421437309 | ||
| 020 | _z9781421437316 | ||
| 020 | _z1421437317 | ||
| 020 | _z1421437325 | ||
| 035 | _a(OCoLC)1135428913 | ||
| 040 |
_aMdBmJHUP _cMdBmJHUP |
||
| 050 | 4 |
_aPN50 _b.W48 1999 |
|
| 082 | 0 |
_a801/.95 _221 |
|
| 100 | 1 |
_aWhite, Hayden V., _d1928-2018. |
|
| 245 | 1 | 0 |
_aFigural Realism _bStudies in the Mimesis Effect / _cHayden White. |
| 300 | _a1 online resource (1 online resource xii, 205 pages) | ||
| 500 | _aOriginally published as Johns Hopkins Press in 1999 | ||
| 500 | _aOpen access edition supported by the National Endowment for the Humanities / Andrew W. Mellon Foundation Humanities Open Book Program. | ||
| 500 | _aThe text of this book is licensed under a Creative Commons Attribution-NonCommercial-No derivatives 4.0 International License | ||
| 504 | _aIncludes bibliographical references (pages 177-199) and index. | ||
| 505 | 0 | _aLiterary theory and historical writing -- Historical employment and the problem of truth in historical representation -- Formalist and contextualist strategies in historical explanation -- The modernist event -- Auerbach's literary history: Figural causation and modernist historicism -- Freud's tropology of dreaming -- Narrative, description, and tropology in Proust -- Form, reference, and ideology in musical discourse. | |
| 506 | 0 |
_aOpen Access _fUnrestricted online access _2star |
|
| 520 | 1 | _a"In Figural Realism, White collects eight interrelated essays primarily concerned with the treatment of history in recent literary critical discourse. "'History' is not only an object we can study," White observes, "it is also and even primarily a certain kind of relationship to 'the past' mediated by a distinctive kind of written discourse. It is because historical discourse is actualized in its culturally significant form as a specific kind of writing that we may consider the relevance of literary theory to both the theory and the practice of historiography.""--Jacket. | |
| 588 | 0 | _aDescription based on print version record. | |
| 650 | 1 | 0 |
_aMimesis. _2gtt |
| 650 | 1 | 0 |
_aVerteltheorie. _2gtt |
| 650 | 1 | 0 |
_aGeschiedschrijving. _2gtt |
| 650 | 0 |
_aMimesis in literature. _2fast _0(OCoLC)fst01896075 |
|
| 650 | 0 |
_aLiterature and history. _2fast _0(OCoLC)fst01000077 |
|
| 650 | 0 |
_aHistory in literature. _2fast _0(OCoLC)fst00958338 |
|
| 650 | 0 |
_aHistoriography. _2fast _0(OCoLC)fst00958221 |
|
| 650 | 0 |
_aCriticism. _2fast _0(OCoLC)fst00883735 |
|
| 650 | 0 | _aHistoriography. | |
| 650 | 0 | _aLiterature and history. | |
| 650 | 0 | _aMimesis in literature. | |
| 650 | 0 | _aHistory in literature. | |
| 650 | 0 | _aCriticism. | |
| 600 | 1 | 1 |
_aAuerbach, Erich, _d1892-1957. _tMimesis. |
| 655 | 0 |
_aElectronic books. _2lcgft |
|
| 655 | 7 |
_aElectronic books. _2local |
|
| 710 | 2 | _aProject Muse. | |
| 776 | 1 | 8 |
_iPrint version: _tFigural realism. _dBaltimore, Md. : Johns Hopkins University Press, ©1999 _w(DLC) 98007941 _w(OCoLC)39123984 |
| 710 | 2 |
_aProject Muse. _edistributor |
|
| 830 | 0 | _aBook collections on Project MUSE. | |
| 856 | 4 | 0 |
_zFull text available: _uhttps://muse.jhu.edu/book/72311/ |
| 999 |
_c25899 _d25899 |
||